000 00874nas a2200253 4500
001 BR8500135
003 BR-BrBNA
005 20231205090045.0
007 ta
008 230509b bl.|||p| |||| 00| 00por d
040 _aBR-BrBNA
_bpor
_cBiblioteca Nacional de Agricultura
041 _a(Pt)
072 _aP12; F22; F25
100 1 _aMargolis, E.
100 1 _aStroehlein, J.L.
245 1 _aInfluencia da subsolagem e de corretivos acidificantes na velocidade de infiltracao
_bParte de tese
246 1 _aInfluence of chiseling and acidifying amendments on water intake rates
_bPart of thesis
650 _aSUBSOLAGEM
650 _aCORRETIVO
650 _aINFILTRACAO
773 0 _tRevista Brasileira de Ciencia do Solo (Brazil)
_xISSN 0100-0683
_g(May-Aug 1984), v. 8(2) p. 241-244
_wBR8500135
909 _a202311
_bLúcia
_c55
_dLúcia Elande
942 _2AGRIS
_n0
_cANA
999 _c115865
_d115865